Técnicas estadísticas con SPSS
Uloženo v:
| Hlavní autor: | |
|---|---|
| Médium: | Kniha |
| Jazyk: | španělština |
| Vydáno: |
Madrid
Pearson Educación
2001
|
| Témata: | |
| Tagy: |
Přidat tag
Žádné tagy, Buďte první, kdo vytvoří štítek k tomuto záznamu!
|
MARC
| LEADER | 00000cam a2200000 a 4500 | ||
|---|---|---|---|
| 001 | UCM9657 | ||
| 003 | CL-VaPUC | ||
| 008 | 030509e20010000SP |||||||||||||||||spa|d | ||
| 020 | |a 8420531677 | ||
| 082 | 0 | 4 | |a 005.369 |b PER |2 21 |
| 100 | 0 | |a Pérez López, César |e author |9 476186 | |
| 245 | 1 | 0 | |a Técnicas estadísticas con SPSS |
| 300 | |a 571 p | ||
| 942 | |c BK | ||
| 945 | |d 20030509 00:00:00 |a vberengu | ||
| 260 | |a Madrid |b Pearson Educación |c 2001 | ||
| 650 | 7 | |a SPSS |2 CL-VaPUC |9 362442 | |
| 650 | 0 | |a Estadística matemática |9 260028 | |
| 650 | 0 | |a Proceso de datos |9 259776 | |
| 650 | 0 | |a Software |9 387312 | |
| 583 | |a last modification |c 20161117 05:59:36 |k Rodrigo Vera | ||
| 999 | |c 303801 |d 303799 | ||
| 952 | |0 0 |1 0 |4 0 |6 005_369000000000000_PER_2001 |7 0 |8 A |9 365357 |a BIBGIM |b BIBGIM |d 2019-11-21 |i 3973182 |o 005.369 PER 2001 |p 3973182 |r 2025-01-15 |w 2019-11-21 |y BK |k EST | ||
| 952 | |0 0 |1 0 |4 0 |6 005_369000000000000_PER_2001 |7 0 |8 A |9 365358 |a BIBGIM |b BIBGIM |d 2019-11-21 |i 3973190 |o 005.369 PER 2001 |p 3973190 |r 2025-01-15 |w 2019-11-21 |y BK |k EST | ||
| 952 | |0 0 |1 0 |4 0 |6 005_369000000000000_PER_2001 |7 0 |8 A |9 365359 |a BIBGIM |b BIBGIM |d 2019-11-21 |i 3973204 |o 005.369 PER 2001 |p 3973204 |r 2025-01-15 |w 2019-11-21 |y BK |k EST | ||
| 952 | |0 0 |1 0 |4 0 |6 005_369000000000000_PER_2001 |7 0 |8 A |9 365360 |a BIBGIM |b BIBGIM |d 2019-11-21 |i 3973212 |o 005.369 PER 2001 |p 3973212 |r 2025-01-15 |w 2019-11-21 |y BK |k EST | ||
| 952 | |0 0 |1 0 |4 0 |6 005_369000000000000_PER_2001 |7 0 |8 A |9 365361 |a BIBGIM |b BIBGIM |d 2019-11-21 |i 3973220 |o 005.369 PER 2001 |p 3973220 |r 2025-01-15 |w 2019-11-21 |y BK |k EST | ||
| 952 | |0 0 |1 0 |4 0 |6 005_369000000000000_PER_2001 |7 0 |8 A |9 365362 |a BIBGIM |b BIBGIM |d 2019-11-21 |i 4012356 |o 005.369 PER 2001 |p 4012356 |r 2025-01-15 |w 2019-11-21 |y BK |k EST | ||